[Event "SF Wadgassen/Differten-SG Porz"]
[Site "Torgelow"]
[Date "2006.12.29"]
[Round "5.2"]
[White "Ley, Janine"]
[Black "Krause Molle, Zarela"]
[Result "1-0"]
[WhiteElo "1610"]
[BlackElo "1547"]
[PlyCount "79"]
[EventDate "2006.??.??"]

1. c4 c5 2. Nc3 Nc6 3. Nf3 d6 4. d3 g6 5. g3 Bg7 6. Bg2 Bd7 7. e4 Qc8 8. Be3
Nf6 9. Qd2 a6 10. Rc1 Rb8 11. Nd5 Nxd5 12. exd5 Ne5 13. Nxe5 Bxe5 14. f4 Bg7
15. h4 b5 16. b3 O-O 17. O-O Re8 18. Rfe1 bxc4 19. dxc4 Qc7 20. Bf2 a5 21. Rb1
a4 22. Bf1 axb3 23. axb3 Qb7 24. Qc2 Ra8 25. Be3 e5 26. dxe6 Bxe6 27. Bg2 Qd7
28. Bxa8 Bf5 29. Qg2 Bxb1 30. Bc6 Qe6 31. Bxe8 Be4 32. Bxf7+ Kxf7 33. Qe2 Bc3
34. Rf1 Qf5 35. Rd1 Ke6 36. Kh2 Bc2 37. Bd4+ Kf7 38. Bxc3 Bxd1 39. Qxd1 Qe6 40.
Qd5 1-0

[Event "SF Wadgassen/Differten-SG Porz"]
[Site "Torgelow"]
[Date "2006.12.29"]
[Round "5.3"]
[White "Tunc, Helin"]
[Black "Nischik, Natascha"]
[Result "1/2-1/2"]
[WhiteElo "1286"]
[BlackElo "1486"]
[PlyCount "73"]
[EventDate "2006.??.??"]

1. d4 d6 2. c4 g6 3. Nc3 Bg7 4. Nf3 Nf6 5. Bg5 Nbd7 6. Qd2 c6 7. e4 Qc7 8. Be2
Rb8 9. a4 e5 10. d5 cxd5 11. cxd5 a6 12. O-O O-O 13. Rfc1 Nc5 14. Qd1 Qb6 15.
Be3 Nfd7 16. Rab1 Qb4 17. Nd2 Nf6 18. Qc2 a5 19. Bb5 Ng4 20. Na2 Nxe3 21. fxe3
Qxd2 22. Qxd2 Nb3 23. Qe1 Nxc1 24. Rxc1 b6 25. b4 Rd8 26. bxa5 bxa5 27. Qxa5
Bd7 28. Bxd7 Rxd7 29. Qd2 Rdb7 30. h3 Bh6 31. a5 Rb2 32. Rc2 Bxe3+ 33. Qxe3
Rxc2 34. a6 Rxa2 35. Qa7 Rb1+ 36. Kh2 Rba1 37. Qb8+ 1/2-1/2

[Event "SF Wadgassen/Differten-SG Porz"]
[Site "Torgelow"]
[Date "2006.12.29"]
[Round "5.4"]
[White "Neumann, Tanja"]
[Black "Schäfer, Emma"]
[Result "1-0"]
[WhiteElo "1188"]
[BlackElo "1084"]
[PlyCount "63"]
[EventDate "2006.??.??"]

1. e4 d5 2. exd5 Qxd5 3. Nc3 Qd8 4. Nf3 Nf6 5. Bc4 Bg4 6. d3 e6 7. O-O Bc5 8.
Bg5 h6 9. Bh4 Nbd7 10. Re1 Bd4 11. Rb1 Ne5 12. Nb5 Bxf3 13. gxf3 a6 14. Nxd4
Qxd4 15. Bg3 Nxc4 16. dxc4 Qxc4 17. b3 Qc6 18. c4 Nd7 19. Re3 f5 20. Qc2 O-O-O
21. b4 Rhf8 22. f4 g5 23. f3 Rg8 24. Kf1 b5 25. c5 Nb6 26. Qe2 Na4 27. Rxe6 Qd5
28. Rc1 Qd4 29. Rxa6 Qxb4 30. Qe6+ Kb8 31. Qc6 Kc8 32. Ra8# 1-0

[Event "SF Brackel-SG BW Stadtilm"]
[Site "Torgelow"]
[Date "2006.12.29"]
[Round "5.1"]
[White "Hoffmann, Lena"]
[Black "Zemella, Jennifer"]
[Result "0-1"]
[WhiteElo "1897"]
[BlackElo "1928"]
[PlyCount "54"]
[EventDate "2006.??.??"]

1. e4 e5 2. Nf3 d6 3. d4 exd4 4. Nxd4 Nf6 5. Nc3 Be7 6. Be2 O-O 7. f4 Re8 8.
O-O Bf8 9. Bf3 c5 10. Nb3 Nc6 11. Be3 a6 12. g4 Nd7 13. Nd5 Nb6 14. Nxb6 Qxb6
15. Qd2 Qc7 16. Nc1 b5 17. Qg2 Bb7 18. g5 d5 19. exd5 Nb4 20. d6 Bxf3 21. Rxf3
Qxd6 22. Nb3 Qd5 23. Raf1 c4 24. Nc1 Rxe3 25. Rxe3 Bc5 26. Rff3 Nxc2 27. Qxc2
Qxf3 0-1

[Event "SF Brackel-SG BW Stadtilm"]
[Site "Torgelow"]
[Date "2006.12.29"]
[Round "5.3"]
[White "Kinzel, Tiffany"]
[Black "Schöttler, Katharina"]
[Result "1-0"]
[WhiteElo "1516"]
[BlackElo "1607"]
[PlyCount "57"]
[EventDate "2006.??.??"]

1. Nc3 e5 2. Nf3 Nc6 3. d4 exd4 4. Nxd4 Bb4 5. e4 a6 6. a3 Bxc3+ 7. bxc3 Nge7
8. Bc4 d6 9. O-O O-O 10. Bg5 Ne5 11. Ba2 h6 12. Bh4 Qd7 13. f4 N5g6 14. Bg3 Nc6
15. Qd2 Nge7 16. f5 Ne5 17. f6 gxf6 18. Rxf6 Ng4 19. Rff1 Kg7 20. h3 Ne5 21.
Bf4 Rh8 22. Bxe5+ dxe5 23. Rxf7+ Kg6 24. Qf2 exd4 25. Qf6+ Kh5 26. g4+ Qxg4+
27. hxg4+ Bxg4 28. Rxe7 Raf8 29. Bf7+ 1-0

[Event "SF Brackel-SG BW Stadtilm"]
[Site "Torgelow"]
[Date "2006.12.29"]
[Round "5.4"]
[White "Kartseva, Nataly"]
[Black "Jünger, Theresa"]
[Result "1-0"]
[WhiteElo "1497"]
[BlackElo "1226"]
[PlyCount "59"]
[EventDate "2006.??.??"]

1. d4 Nf6 2. Nf3 g6 3. Bg5 Bg7 4. Nbd2 O-O 5. e4 d6 6. Bc4 Nfd7 7. c3 Kh8 8. h4
h5 9. Nh2 Qe8 10. g4 hxg4 11. Nxg4 e5 12. d5 f5 13. Ne3 Nc5 14. h5 gxh5 15.
Rxh5+ Kg8 16. Nxf5 Bxf5 17. exf5 Rxf5 18. Qg4 Qg6 19. Nf3 Rf8 20. Nd2 Nbd7 21.
Rh4 Rf7 22. f3 Raf8 23. O-O-O Nd3+ 24. Bxd3 Qxd3 25. Bh6 Qh7 26. Rdh1 Nf6 27.
Bxg7 Rxg7 28. Qe6+ Rgf7 29. Rxh7 Nxh7 30. Ne4 1-0

[Event "SC Tamm-SC Leipzig-Gohlis"]
[Site "Torgelow"]
[Date "2006.12.29"]
[Round "6.1"]
[White "Ohme, Melanie"]
[Black "Ströhle, Kathrin"]
[Result "1-0"]
[WhiteElo "2145"]
[BlackElo "1808"]
[PlyCount "51"]
[EventDate "2006.??.??"]

1. e4 e5 2. Bc4 Nc6 3. Nf3 Bc5 4. d3 d6 5. c3 Nf6 6. O-O a6 7. Bb3 Be6 8. Bc2
Bg4 9. Nbd2 O-O 10. h3 Bh5 11. Re1 Ne8 12. g4 Bg6 13. Nf1 f6 14. Ne3 Bxe3 15.
Bxe3 Bf7 16. Kh2 d5 17. Qe2 Nd6 18. Nh4 Qe8 19. Rg1 d4 20. Bd2 b5 21. Nf5 Rb8
22. Qf3 Kh8 23. Nxg7 Kxg7 24. Bh6+ Kg6 25. g5 f5 26. Bd1 1-0

[Event "SC Tamm-SC Leipzig-Gohlis"]
[Site "Torgelow"]
[Date "2006.12.29"]
[Round "6.2"]
[White "Bonfert, Nadine"]
[Black "Beltz, Franziska"]
[Result "0-1"]
[WhiteElo "1607"]
[BlackElo "2055"]
[PlyCount "86"]
[EventDate "2006.??.??"]

1. e4 c5 2. Nf3 d6 3. d4 cxd4 4. Nxd4 Nf6 5. Nc3 a6 6. Be3 e6 7. Bd3 Nbd7 8.
O-O Qc7 9. f3 Be7 10. Qd2 O-O 11. Nde2 b5 12. Ng3 Bb7 13. Rac1 Rac8 14. Nce2
Ne5 15. b3 d5 16. exd5 Nxd5 17. Bd4 Ba3 18. Rcd1 Nxd3 19. cxd3 Rfd8 20. Bb2
Bxb2 21. Qxb2 Qb6+ 22. Rf2 Nb4 23. Qb1 Rd7 24. Kf1 Rcd8 25. Nc1 Nd5 26. Rdd2
Qe3 27. Qb2 Nf4 28. Qc2 b4 29. Qb1 a5 30. Qc2 Ba6 31. Ne4 Nxd3 32. Nxd3 Bxd3+
33. Rxd3 Rxd3 34. g3 Rd1+ 35. Kg2 Qe1 36. Kh3 h6 37. Qb2 R8d5 38. g4 Qe3 39.
Qc2 Rc1 40. Qb2 Rcd1 41. Qc2 R1d4 42. Qc8+ Rd8 43. Qc2 Rxe4 0-1

[Event "SC Tamm-SC Leipzig-Gohlis"]
[Site "Torgelow"]
[Date "2006.12.29"]
[Round "6.3"]
[White "Beltz, Carmen"]
[Black "Rüdel, Anita"]
[Result "1-0"]
[WhiteElo "1952"]
[BlackElo "1549"]
[PlyCount "53"]
[EventDate "2006.??.??"]

1. e4 e6 2. d4 d5 3. Nd2 c5 4. exd5 Qxd5 5. Ngf3 cxd4 6. Bc4 Qd6 7. O-O Nf6 8.
Nb3 Nc6 9. Nbxd4 Nxd4 10. Nxd4 a6 11. Bb3 Be7 12. c3 O-O 13. Qf3 Qc7 14. Bg5
Rd8 15. Rad1 Nd5 16. Bxe7 Nxe7 17. Rfe1 Qb6 18. Qh5 Ng6 19. Nf3 Rxd1 20. Rxd1
Qc7 21. Bc2 Nf8 22. Ne5 Rb8 23. Rd3 Qe7 24. Rh3 h6 25. Rg3 Nd7 26. Qxh6 g6 27.
Nxg6 1-0

[Event "SC Tamm-SC Leipzig-Gohlis"]
[Site "Torgelow"]
[Date "2006.12.29"]
[Round "6.4"]
[White "Schäfer, Daniela"]
[Black "Salden, Franziska"]
[Result "1-0"]
[WhiteElo "1450"]
[BlackElo "1976"]
[PlyCount "63"]
[EventDate "2006.??.??"]

1. e4 e6 2. d3 d5 3. Nd2 Nf6 4. g3 c5 5. Ngf3 Nc6 6. Bg2 Be7 7. O-O b6 8. Re1
Bb7 9. e5 Nd7 10. Nf1 Qc7 11. Bf4 h6 12. h4 O-O-O 13. c3 Rdg8 14. d4 g5 15.
hxg5 hxg5 16. Be3 Qd8 17. N1h2 g4 18. Nd2 f5 19. exf6 Nxf6 20. dxc5 bxc5 21.
Bf4 Qe8 22. Rxe6 Qh5 23. Nhf1 Kd7 24. Re1 d4 25. Qb3 Kc8 26. cxd4 Rg7 27. Be5
Na5 28. Qe6+ Nd7 29. Bxb7+ Nxb7 30. Qc6+ Kd8 31. Bxg7 Rh7 32. Qxb7 1-0

[Event "SAV Torgelow-SV GA Rüdersdorf"]
[Site "Torgelow"]
[Date "2006.12.29"]
[Round "6.1"]
[White "Vollak, Marleen"]
[Black "Janotta, Steffi"]
[Result "0-1"]
[WhiteElo "1861"]
[BlackElo "2029"]
[PlyCount "149"]
[EventDate "2006.??.??"]

1. e4 d6 2. d4 Nf6 3. Nc3 g6 4. Nf3 Bg7 5. Be2 O-O 6. O-O Nc6 7. d5 Nb8 8. h3
e5 9. Be3 Ne8 10. Qd2 f5 11. exf5 gxf5 12. Bh6 Qf6 13. Bxg7 Nxg7 14. Qg5 Nd7
15. Rfd1 h6 16. Qxf6 Nxf6 17. Nb5 Rf7 18. c4 b6 19. b4 Ne4 20. Rac1 a5 21. bxa5
Rxa5 22. Rc2 Ne8 23. Nd2 N8f6 24. Nxe4 Nxe4 25. Rd3 Rg7 26. Kf1 Ba6 27. Ra3
Rxa3 28. Nxa3 Kf7 29. Nb1 Kf6 30. Nd2 Nxd2+ 31. Rxd2 e4 32. Rc2 Ke5 33. g3 Bc8
34. Rc3 f4 35. gxf4+ Kxf4 36. Re3 Rg8 37. Bd1 Bf5 38. Ra3 Ke5 39. Bh5 Kd4 40.
Be2 Kc5 41. h4 Bg4 42. Ra7 Bxe2+ 43. Kxe2 Kxc4 44. Rxc7+ Kxd5 45. Rh7 Rg6 46.
h5 Re6 47. Kd2 Kd4 48. Rh8 d5 49. Rh7 Ke5 50. Rf7 Rf6 51. Rb7 Rxf2+ 52. Ke1 Rf6
53. Re7+ Re6 54. Rd7 Rd6 55. Re7+ Kf4 56. Ke2 d4 57. Rf7+ Kg4 58. Re7 d3+ 59.
Kd2 Kxh5 60. Rxe4 Kg5 61. Re8 h5 62. Rg8+ Kf4 63. Rf8+ Kg3 64. Rg8+ Kh3 65. Rg7
h4 66. Rg8 Rd4 67. Rb8 Kg3 68. Rxb6 h3 69. Rg6+ Rg4 70. Rh6 h2 71. Kxd3 Rh4 72.
Rxh4 Kxh4 73. a4 h1=Q 74. Kc4 Qa8 75. Kb5 0-1

[Event "SAV Torgelow-SV GA Rüdersdorf"]
[Site "Torgelow"]
[Date "2006.12.29"]
[Round "6.2"]
[White "Stemmler, Lysan"]
[Black "Busse, Nadine"]
[Result "0-1"]
[WhiteElo "1847"]
[BlackElo "1934"]
[PlyCount "66"]
[EventDate "2006.??.??"]

1. e4 c5 2. c3 d5 3. exd5 Qxd5 4. d4 Nf6 5. Nf3 Bg4 6. Be2 e6 7. Be3 cxd4 8.
cxd4 Nc6 9. O-O Bb4 10. h3 Bh5 11. Nc3 Qd6 12. a3 Bxc3 13. bxc3 O-O 14. Qb3 b6
15. Rac1 Rac8 16. Rfd1 Rfd8 17. Bg5 Rd7 18. Bxf6 gxf6 19. Qb5 Bg6 20. a4 Rdc7
21. c4 Na5 22. c5 Qd5 23. Nh4 Qg5 24. Nxg6 hxg6 25. Bf3 Rd8 26. Rb1 Rcd7 27.
Qb4 Qf4 28. cxb6 axb6 29. Qxb6 Nc4 30. Qc5 Nd2 31. Bc6 Rxd4 32. Rbc1 Nb3 33.
Rxd4 Rxd4 0-1

[Event "SAV Torgelow-SV GA Rüdersdorf"]
[Site "Torgelow"]
[Date "2006.12.29"]
[Round "6.3"]
[White "Sdunzik, Jennifer"]
[Black "Völschow, Toni"]
[Result "1-0"]
[WhiteElo "1971"]
[BlackElo "1811"]
[PlyCount "47"]
[EventDate "2006.??.??"]

1. e4 c5 2. Nf3 d6 3. d4 cxd4 4. Nxd4 Nf6 5. Nc3 a6 6. Be3 e6 7. f3 Be7 8. Qd2
b5 9. g4 Bb7 10. O-O-O b4 11. Nce2 d5 12. e5 Nfd7 13. f4 Qa5 14. Kb1 Nc5 15.
Bg2 Nbd7 16. Nb3 Nxb3 17. cxb3 Rc8 18. Nd4 Nc5 19. f5 Qb6 20. Rhf1 O-O 21. f6
Bd8 22. Bh6 Bxf6 23. exf6 e5 24. Qg5 1-0

[Event "SAV Torgelow-SV GA Rüdersdorf"]
[Site "Torgelow"]
[Date "2006.12.29"]
[Round "6.4"]
[White "Hartmann, Elisa"]
[Black "Müller, Thea-Lina"]
[Result "0-1"]
[WhiteElo "1521"]
[BlackElo "1816"]
[PlyCount "114"]
[EventDate "2006.??.??"]

1. e4 c5 2. Nc3 Nc6 3. g3 g6 4. Bg2 Bg7 5. f4 e6 6. Nf3 d6 7. O-O Nge7 8. d3
O-O 9. Be3 Nd4 10. h3 Rb8 11. a4 a6 12. g4 f5 13. gxf5 exf5 14. Kh2 Be6 15. Ng5
Bc8 16. Rg1 h6 17. Nf3 Kh7 18. Qd2 Qc7 19. Nd1 b5 20. axb5 Rxb5 21. Bxd4 cxd4
22. Ra4 Qb6 23. Nh4 Bf6 24. Qf2 Bd7 25. Ra2 Be6 26. Ra1 Bg7 27. Qg3 Bf7 28.
exf5 Nxf5 29. Nxf5 Rxf5 30. Be4 Rf6 31. Kh1 d5 32. Bf3 Qd6 33. Bg4 Be6 34. Bh5
Bf5 35. Ra4 Re6 36. Ra5 Qc7 37. Rxd5 gxh5 38. Nf2 Rg6 39. Qf3 Rxg1+ 40. Kxg1
Qxc2 41. Ne4 Qc1+ 42. Kf2 Qxb2+ 43. Kf1 Rc8 44. Nf2 Qb7 45. Kg2 Bg6 46. f5 Bf7
47. Rd6 Qxf3+ 48. Kxf3 Rc5 49. Ke4 a5 50. f6 Bf8 51. Rxd4 Bg6+ 52. Ke3 Re5+ 53.
Re4 Bxe4 54. Nxe4 Kg6 55. d4 Rxe4+ 56. Kxe4 Kxf6 57. Kd5 Kg5 0-1

[Event "SG Bochum 31-SF Wadgassen/Differten"]
[Site "Torgelow"]
[Date "2006.12.29"]
[Round "6.1"]
[White "Dietzen, Corinna"]
[Black "Zhang, Fan"]
[Result "0-1"]
[WhiteElo "1980"]
[BlackElo "2049"]
[PlyCount "66"]
[EventDate "2006.??.??"]

1. c4 Nf6 2. Nc3 c5 3. g3 e6 4. Bg2 d5 5. cxd5 exd5 6. d4 cxd4 7. Qxd4 Nc6 8.
Qd1 Bb4 9. Bd2 O-O 10. Nf3 Ne4 11. O-O Bg4 12. a3 Ba5 13. b4 Bb6 14. Be1 Nf6
15. h3 Bh5 16. Na4 Re8 17. Nxb6 Qxb6 18. g4 Bg6 19. Bd2 Rad8 20. Bf4 h6 21. e3
d4 22. exd4 Nxd4 23. Be3 Rxe3 24. fxe3 Nc2 25. Qe2 Bd3 26. Qf2 Ne4 27. Qh4 Bxf1
28. Rxf1 Nxe3 29. Kh2 Nxf1+ 30. Bxf1 Qc7+ 31. Kg2 Qc2+ 32. Kg1 Rd1 33. Nh2 f5
0-1

[Event "SG Bochum 31-SF Wadgassen/Differten"]
[Site "Torgelow"]
[Date "2006.12.29"]
[Round "6.2"]
[White "Albano Jeremias, Bianca"]
[Black "Ley, Janine"]
[Result "1-0"]
[WhiteElo "1950"]
[BlackElo "1610"]
[PlyCount "61"]
[EventDate "2006.??.??"]

1. e4 d6 2. d4 g6 3. Nc3 Bg7 4. f4 c6 5. Nf3 Nf6 6. Bd3 Qc7 7. O-O Nbd7 8. e5
Nd5 9. Nxd5 cxd5 10. Qe1 e6 11. exd6 Qxd6 12. c3 O-O 13. Qh4 f5 14. Ne5 Bf6 15.
Qh3 Qe7 16. Be3 Nxe5 17. dxe5 Bg7 18. Rf3 Bd7 19. Bd4 Kh8 20. Kh1 Rg8 21. Rg1
Bf8 22. g4 Qf7 23. Rfg3 Rg7 24. gxf5 exf5 25. e6 Bxe6 26. Rxg6 Kg8 27. Rxg7+
Bxg7 28. Rxg7+ Qxg7 29. Bxg7 Kxg7 30. Bxf5 Bg8 31. Be6 1-0

[Event "SG Bochum 31-SF Wadgassen/Differten"]
[Site "Torgelow"]
[Date "2006.12.29"]
[Round "6.3"]
[White "Nischik, Natascha"]
[Black "Hohmann, Louisa"]
[Result "0-1"]
[WhiteElo "1486"]
[BlackElo "1642"]
[PlyCount "113"]
[EventDate "2006.??.??"]

1. c4 e6 2. Nc3 d5 3. cxd5 exd5 4. d4 Be7 5. g3 Nf6 6. Bg2 O-O 7. Nf3 Bf5 8.
O-O Nbd7 9. Bg5 h6 10. Bxf6 Nxf6 11. Rc1 b6 12. a3 Bc8 13. Qc2 Bb7 14. e3 Rc8
15. Rfd1 a6 16. b4 a5 17. bxa5 Bxa3 18. Ra1 Bb4 19. a6 Ba8 20. Bh3 Rb8 21. Rdb1
Qe7 22. Na2 Ba5 23. Qe2 Ne4 24. Rb3 c5 25. dxc5 Nxc5 26. Rbb1 Qe4 27. Rd1 d4
28. Bg2 dxe3 29. Qxe3 Qxe3 30. fxe3 Nxa6 31. Rac1 Rfe8 32. Kf2 Re7 33. Nc3 Rbe8
34. Nd5 Bxd5 35. Rxd5 Rxe3 36. Bf1 Nb4 37. Rdd1 Ra3 38. Bc4 Ree3 39. Nd2 Re5
40. Kg2 Nd3 41. Bxd3 Rxd3 42. Nc4 Rxd1 43. Rxd1 Re2+ 44. Kg1 Bb4 45. h4 Bc5+
46. Kh1 Kf8 47. Rb1 Re6 48. Kg2 Ke7 49. Kf3 Kf6 50. Kf4 g5+ 51. Kf3 gxh4 52.
gxh4 Kg6 53. Kf4 Kh5 54. Rb2 Rg6 55. Ne5 Bd6 56. Ke4 Re6 57. Rb5 0-1

[Event "SG Bochum 31-SF Wadgassen/Differten"]
[Site "Torgelow"]
[Date "2006.12.29"]
[Round "6.4"]
[White "Orhan, Eda"]
[Black "Neumann, Tanja"]
[Result "1-0"]
[WhiteElo "1499"]
[BlackElo "1188"]
[PlyCount "47"]
[EventDate "2006.??.??"]

1. d4 Nf6 2. Nf3 e6 3. Bg5 b6 4. c4 Bb7 5. e3 c5 6. Nc3 Be7 7. Bd3 d5 8. cxd5
Nxd5 9. Bxe7 Qxe7 10. Nxd5 Bxd5 11. Rc1 cxd4 12. Rc8+ Kd7 13. Rxh8 Qb4+ 14. Qd2
Qe7 15. Ne5+ Kc7 16. e4 Bb7 17. Qc2+ Kd6 18. Nc4+ Kd7 19. Qa4+ Kc7 20. Ne5 Nd7
21. Qc4+ Nc5 22. Rxa8 Bxa8 23. b4 Kd6 24. Qxd4+ 1-0

[Event "SF Brackel-SK König Tegel"]
[Site "Torgelow"]
[Date "2006.12.29"]
[Round "6.1"]
[White "Schulz, Stefanie"]
[Black "Zemella, Jennifer"]
[Result "1/2-1/2"]
[WhiteElo "2126"]
[BlackElo "1825"]
[PlyCount "44"]
[EventDate "2006.??.??"]

1. e4 e5 2. c4 Nf6 3. Nc3 Be7 4. g3 O-O 5. Bg2 d6 6. d3 c6 7. Nf3 Ne8 8. O-O f5
9. d4 fxe4 10. Nxe4 d5 11. cxd5 cxd5 12. Qb3 Kh8 13. Nc3 e4 14. Ne5 Nc7 15. Bf4
Nc6 16. Nxc6 bxc6 17. Rfc1 Ne6 18. Be3 Bd7 19. Qc2 Bg5 20. Na4 Bxe3 21. fxe3
Ng5 22. Rf1 Nh3+ 1/2-1/2

[Event "SF Brackel-SK König Tegel"]
[Site "Torgelow"]
[Date "2006.12.29"]
[Round "6.3"]
[White "Neldner, Uta"]
[Black "Schöttler, Katharina"]
[Result "1/2-1/2"]
[WhiteElo "1849"]
[BlackElo "1607"]
[PlyCount "103"]
[EventDate "2006.??.??"]

1. e4 e5 2. Nc3 Nc6 3. g3 Bc5 4. Bg2 a5 5. d3 Nf6 6. f4 d6 7. f5 h6 8. g4 Qd7
9. h4 Nd4 10. Bh3 Qd8 11. Nf3 Nh7 12. Bg2 Bd7 13. g5 Nf8 14. Nxd4 Bxd4 15. Qf3
hxg5 16. Bxg5 f6 17. Bd2 Bc6 18. O-O-O Qe7 19. Be3 Bxe3+ 20. Qxe3 b6 21. Qg3
O-O-O 22. Bf3 Rh7 23. Rhg1 Nd7 24. Rd2 Nf8 25. Rdg2 Rd7 26. Ne2 Bb7 27. Qg4 Qf7
28. Kb1 d5 29. Ng3 dxe4 30. dxe4 Rd4 31. Rd1 Rxd1+ 32. Bxd1 Kb8 33. Rd2 Qe7 34.
Ne2 Bc6 35. Nc3 Nd7 36. h5 Kb7 37. Be2 Qf7 38. Qf3 Rh8 39. a3 Qe7 40. Qd3 Nc5
41. Qe3 Rd8 42. Rxd8 Qxd8 43. Bb5 Bxb5 44. Nxb5 Qd1+ 45. Ka2 Qxh5 46. Qd2 Qf7+
47. Kb1 Qd7 48. Qe2 Qf7 49. Nc3 Qe8 50. Nd5 Qa4 51. Nc3 Qd4 52. Qg2 1/2-1/2

[Event "SF Brackel-SK König Tegel"]
[Site "Torgelow"]
[Date "2006.12.29"]
[Round "6.4"]
[White "Kartseva, Nataly"]
[Black "König, Laura"]
[Result "1-0"]
[WhiteElo "1497"]
[BlackElo "1437"]
[PlyCount "111"]
[EventDate "2006.??.??"]

1. d4 d5 2. Nf3 e6 3. c4 c5 4. e3 Nf6 5. Nc3 Nc6 6. Bd3 Be7 7. O-O O-O 8. a3 b6
9. h3 Bb7 10. Ne2 Qc7 11. Bd2 Rfd8 12. Rc1 Ne4 13. Qc2 f5 14. Nf4 Bc8 15. cxd5
exd5 16. b4 c4 17. Bxc4 dxc4 18. Qxc4+ Kh8 19. Qxc6 Qxc6 20. Rxc6 Bd7 21. Rc7
Bd6 22. Rc2 g6 23. Rfc1 Ba4 24. Rb2 Kg7 25. Ne6+ Kf6 26. Nxd8 Rxd8 27. Ne1 Re8
28. Ra1 h6 29. g3 Kf7 30. Ng2 Ke7 31. Nf4 g5 32. Nd5+ Ke6 33. Nc3 Bc6 34. Nxe4
Bxe4 35. Rc1 h5 36. Rb3 Bb7 37. Kf1 Kf6 38. a4 Rg8 39. a5 b5 40. Rb2 a6 41. Kg1
h4 42. Kh2 g4 43. Be1 hxg3+ 44. fxg3 gxh3 45. Bf2 Kg5 46. Rd1 Be4 47. d5 Kg4
48. Be1 Rh8 49. Rd4 Be5 50. Rxe4+ fxe4 51. Rc2 Rh6 52. Rc6 Rxc6 53. dxc6 Kf3
54. Kxh3 Kxe3 55. g4 Bf6 56. c7 1-0

[Event "SG BW Stadtilm-SV Stuttgart-Wolfbusch"]
[Site "Torgelow"]
[Date "2006.12.29"]
[Round "6.1"]
[White "Gussakovski, Jana"]
[Black "Hoffmann, Lena"]
[Result "1-0"]
[WhiteElo "2090"]
[BlackElo "1897"]
[PlyCount "91"]
[EventDate "2006.??.??"]

1. e4 d5 2. exd5 Qxd5 3. Nc3 Qa5 4. Bc4 c6 5. d3 Nf6 6. Qe2 Bf5 7. Bd2 Qc7 8.
h3 e6 9. g4 Bg6 10. f4 Be7 11. O-O-O O-O 12. h4 b5 13. h5 Bxh5 14. Bxe6 fxe6
15. gxh5 Bd6 16. Qxe6+ Kh8 17. h6 Bxf4 18. hxg7+ Kxg7 19. Nf3 Bxd2+ 20. Rxd2
Kh8 21. Ne5 Qg7 22. Ne4 Nbd7 23. Nxd7 Nxd7 24. Qxc6 a6 25. Rdh2 Ne5 26. Rxh7+
Qxh7 27. Rxh7+ Kxh7 28. Ng5+ Kg7 29. Qc7+ Kf6 30. Nh7+ Kf5 31. Nxf8 Rxf8 32.
Qc5 Rh8 33. d4 Re8 34. dxe5 Rxe5 35. Qc8+ Re6 36. Kd2 Ke5 37. c3 Rd6+ 38. Kc2
Kd5 39. Kb3 Rc6 40. Qf5+ Kd6 41. Qd3+ Kc7 42. Kb4 Rc4+ 43. Qxc4+ bxc4 44. Kxc4
Kc6 45. b4 Kb6 46. a4 1-0

[Event "SG BW Stadtilm-SV Stuttgart-Wolfbusch"]
[Site "Torgelow"]
[Date "2006.12.29"]
[Round "6.2"]
[White "Kinzel, Franziska"]
[Black "Erben, Larissa"]
[Result "0-1"]
[WhiteElo "1459"]
[BlackElo "1867"]
[PlyCount "82"]
[EventDate "2006.??.??"]

1. e4 c5 2. Nf3 e6 3. d4 cxd4 4. Nxd4 Nc6 5. Nc3 Qc7 6. Be2 Nf6 7. O-O Bb4 8.
Nxc6 bxc6 9. Bd3 O-O 10. Qe2 d5 11. e5 Nd7 12. f4 Nc5 13. a3 Nxd3 14. Qxd3 Be7
15. Rf3 f5 16. exf6 Bxf6 17. Bd2 Qb6+ 18. Kh1 Ba6 19. Na4 Bxd3 20. Nxb6 axb6
21. Rxd3 Bxb2 22. Rb1 Bxa3 23. Rxb6 Bc5 24. Rb1 Ra2 25. c3 Rf5 26. g4 Rf8 27.
Rb7 e5 28. Be3 Bxe3 29. Rxe3 Rxf4 30. Rb8+ Kf7 31. Rb1 e4 32. h3 Ke6 33. Kg1
Raf2 34. Rbe1 Ke5 35. Rd1 R2f3 36. Rde1 Rxe3 37. Rxe3 Rf3 38. Rxf3 exf3 39. Kf2
Kf4 40. g5 g6 41. h4 Ke4 0-1

[Event "SG BW Stadtilm-SV Stuttgart-Wolfbusch"]
[Site "Torgelow"]
[Date "2006.12.29"]
[Round "6.3"]
[White "Hafner, Katrin"]
[Black "Kinzel, Tiffany"]
[Result "0-1"]
[WhiteElo "1684"]
[BlackElo "1516"]
[PlyCount "82"]
[EventDate "2006.??.??"]

1. e4 c5 2. Nf3 d6 3. d4 cxd4 4. Nxd4 Nf6 5. Nc3 a6 6. Be3 e5 7. Nb3 Be6 8. Be2
Be7 9. O-O b5 10. a3 Nbd7 11. Kh1 Nb6 12. f4 exf4 13. Bxf4 Qc7 14. Qe1 O-O 15.
Qg3 Kh8 16. Nd4 Qd7 17. Rad1 Rad8 18. e5 Ne8 19. Ne4 dxe5 20. Bxe5 Qc8 21. Nxe6
Qxe6 22. Bd3 Nc4 23. Bc3 Qh6 24. Bxc4 bxc4 25. Qe5 Rxd1 26. Rxd1 Bf6 27. Nxf6
Nxf6 28. Qd6 Re8 29. Qxa6 Qf4 30. Bxf6 gxf6 31. b3 Qf2 32. Qa5 Qxc2 33. Rg1
cxb3 34. Qb4 b2 35. a4 Kg7 36. h3 Re4 37. Qb6 Rxa4 38. Rf1 Qc3 39. Rb1 Qc1+ 40.
Qg1 Qxg1+ 41. Kxg1 Ra1 0-1

[Event "SG BW Stadtilm-SV Stuttgart-Wolfbusch"]
[Site "Torgelow"]
[Date "2006.12.29"]
[Round "6.4"]
[White "Jünger, Theresa"]
[Black "Stitterich, Nadine"]
[Result "0-1"]
[WhiteElo "1226"]
[BlackElo "1600"]
[PlyCount "42"]
[EventDate "2006.??.??"]

1. d4 Nf6 2. e3 g6 3. Bd3 Bg7 4. f4 O-O 5. Nf3 d6 6. O-O Nbd7 7. Nbd2 c5 8. c3
b6 9. e4 Bb7 10. Qe2 e6 11. e5 dxe5 12. fxe5 Nd5 13. Ne4 cxd4 14. cxd4 Nb4 15.
Bd2 Nxd3 16. Qxd3 Nxe5 17. Nxe5 Bxe5 18. Bc3 Bg7 19. Ng3 Qd5 20. Rf2 Rad8 21.
Ne2 e5 0-1

[Event "SC Ichenhausen-SG Porz"]
[Site "Torgelow"]
[Date "2006.12.29"]
[Round "6.1"]
[White "Kaplun, Viktoria"]
[Black "Nuber, Helene"]
[Result "0-1"]
[WhiteElo "1939"]
[BlackElo "2047"]
[PlyCount "121"]
[EventDate "2006.??.??"]

1. d4 e6 2. c4 d5 3. Nc3 Nf6 4. cxd5 exd5 5. Bg5 c6 6. e3 Be7 7. Bd3 Nbd7 8.
Qc2 O-O 9. Nge2 Re8 10. O-O Nf8 11. Rae1 Ng4 12. Bxe7 Qxe7 13. Ng3 Qh4 14. h3
Nxe3 15. Rxe3 Rxe3 16. fxe3 Qxg3 17. Rf3 Qd6 18. Qf2 Be6 19. Ne2 Ng6 20. a3 Re8
21. Qg3 Qxg3 22. Nxg3 Nh4 23. Rf4 Ng6 24. Rf2 Nf8 25. Nf1 Nd7 26. Rc2 Nb6 27.
Nd2 Bc8 28. Kf2 Re6 29. Nf3 Rf6 30. Ke2 Bf5 31. Bxf5 Rxf5 32. Ne5 Rf6 33. b3
Re6 34. a4 f6 35. Nd3 Nd7 36. Nc5 Nxc5 37. Rxc5 f5 38. Kf3 g5 39. b4 a6 40. Rc3
Kf7 41. g3 Rh6 42. b5 axb5 43. axb5 Ke7 44. b6 Kd6 45. Kg2 Re6 46. Kf3 h5 47.
Ra3 c5 48. Ra5 cxd4 49. exd4 g4+ 50. hxg4 fxg4+ 51. Kf2 Rf6+ 52. Kg2 Rf3 53.
Rb5 Rc3 54. Kf2 Kc6 55. Rb2 Ra3 56. Rb4 Ra6 57. Ke3 Rxb6 58. Ra4 Rb3+ 59. Kf4
Rf3+ 60. Kg5 Rxg3 61. Kxh5 {weiterhin nicht mehr rekonstruierbar!!} 0-1

[Event "SC Ichenhausen-SG Porz"]
[Site "Torgelow"]
[Date "2006.12.29"]
[Round "6.2"]
[White "Dauer, Christina"]
[Black "Krause Molle, Zarela"]
[Result "1/2-1/2"]
[WhiteElo "1942"]
[BlackElo "1547"]
[PlyCount "65"]
[EventDate "2006.??.??"]

1. e4 e5 2. Nf3 Nc6 3. Bb5 a6 4. Ba4 d6 5. d4 b5 6. Bb3 Bb7 7. O-O Be7 8. c3
Nf6 9. Nbd2 O-O 10. Re1 Qd7 11. Nf1 Rad8 12. Ng3 Rfe8 13. Ng5 d5 14. exd5 Nxd5
15. dxe5 Bxg5 16. Bxg5 Nce7 17. Qh5 h6 18. Bxh6 gxh6 19. Qxh6 Qe6 20. Qxe6 fxe6
21. Ne4 Ng6 22. Bxd5 Bxd5 23. Nf6+ Kf7 24. Nxe8 Rxe8 25. g3 Rh8 26. f4 Ne7 27.
a4 Rb8 28. axb5 Rxb5 29. b4 Rb6 30. Kf2 Rc6 31. Rec1 Bc4 32. g4 Nd5 33. Kg3
1/2-1/2

[Event "SC Ichenhausen-SG Porz"]
[Site "Torgelow"]
[Date "2006.12.29"]
[Round "6.3"]
[White "Tunc, Helin"]
[Black "Dauer, Carolin"]
[Result "0-1"]
[WhiteElo "1286"]
[BlackElo "1474"]
[PlyCount "68"]
[EventDate "2006.??.??"]

1. d4 d5 2. c4 c6 3. Nc3 Nf6 4. e3 e6 5. Nf3 Be7 6. Bd3 Nbd7 7. Bd2 dxc4 8.
Bxc4 Nb6 9. Bd3 c5 10. dxc5 Bxc5 11. Bb5+ Bd7 12. Qe2 O-O 13. Bxd7 Qxd7 14. O-O
a6 15. Rfd1 Qc7 16. Rac1 Rac8 17. b4 Be7 18. Nd5 Qd6 19. Nxf6+ Bxf6 20. Bc3 Qe7
21. Bxf6 Qxf6 22. a3 Nd5 23. Qe1 Qb2 24. Ra1 Rc4 25. Nd4 Rfc8 26. Rdb1 Qc3 27.
Qxc3 Nxc3 28. Rc1 e5 29. Nf5 Ne2+ 30. Kf1 Nxc1 31. Ne7+ Kf8 32. Nxc8 Rxc8 33.
Ke1 Nb3 34. Kd1 Nxa1 0-1